| 000 | 00716nam a2200229 i 4500 | ||
|---|---|---|---|
| 001 | 189052 | ||
| 003 | ES-MaACL | ||
| 005 | 20240103183448.0 | ||
| 008 | 190326s2016 xxk |||| | eng d | ||
| 020 | _a978-0-571-32795-9 | ||
| 100 | 1 |
_aMuldoon, Paul. _9166691 |
|
| 245 | 1 | 0 |
_aSelected poems _b: 1968-2014 / _cPaul Muldoon. |
| 250 | _a1st publ. | ||
| 260 |
_aLondon : _bFaber & Faber, _c2016. |
||
| 300 |
_a228 p. ; _c23 cm. |
||
| 500 | _aÍndice. | ||
| 852 |
_aES-MaACL _jA-14442 _9196189 _bR.151784 _cDEPO1 _dOlim: N-7442 _hDonación: Embajada de Irlanda |
||
| 903 | _aEmbajada de Irlanda | ||
| 914 |
_9234032 _aEmbajada de Irlanda en España _ednr |
||
| 942 |
_2udc _cMONOGRAFIA |
||
| 999 |
_c189052 _d189052 |
||